000 01907cam a22003854a 4500
001 14735357
003 ARRUPE
005 20131023170939.0
008 070215s2007 cc b 101 0 eng
010 _a 2007006771
020 _a9781565182431 (pbk.)
020 _a156518243X (pbk.)
035 _a(OCoLC)85018659
040 _aDLC
_cDLC
_dBTCTA
_dC#P
_dDLC
050 0 0 _aB799
_b.D53 2007
245 0 0 _aDialogues of philosophies, religions and civilizations in the era of globalization /
_cedited by Zhao Dunhua.
260 _a[Peking] :
_bDepartment of Philosophy, Peking University ;
_aWashington, D.C. :
_bThe Council for Research in Values and Philosophy,
_cc2007.
300 _axii, 326 p. ;
_c23 cm.
490 1 _aCultural heritage and contemporary change. Series III, Asia ;
_vv. 25
490 1 _aChinese philosophical studies ;
_v25
500 _a"This book is edited from the Proceeding of the Philosophy Session ont he 2005 Beijing Forum"--P. [vii].
504 _aIncludes bibliographical references and index.
505 0 _aDialogue between Eastern and Western philosophies -- Dialogue between Confucianism and Christianity -- Dialogue between Islamic and Western civilizations.
650 0 _aPhilosophy, Comparative
_vCongresses.
_92858
650 0 _aPhilosophy, Modern
_y20th century
_vCongresses.
_92859
650 0 _aReligions
_vCongresses.
_92860
650 0 _aComparative civilization
_vCongresses.
_92861
700 1 _aDunhua, Zhao.
_92862
830 0 _aCultural heritage and contemporary change.
_nSeries III
_pAsia ;
_vv. 25.
_92863
830 0 _aChinese philosophical studies ;
_v25.
_92864
856 4 1 _3Table of contents only
_uhttp://www.loc.gov/catdir/toc/ecip0711/2007006771.html
906 _a7
_bcbc
_corignew
_d1
_eecip
_f20
_gy-gencatlg
942 _2lcc
_cMONOGRAPH
999 _c118429
_d118429